Space Quiz - Statistics

General Stats
  • This quiz has been taken 225 times
  • The average score is 9 of 9
Answer Stats
Hint Answer % Correct
3 earth
98%
1 mercury
98%
5 jupiter
96%
4 mars
96%
2 venus
96%
7 uranus
95%
6 saturn
94%
8 neptune
92%
9 pluto
92%
No matching quizzes found
Score Distribution
Percent of People with Each Score
Percentile by Number Answered
Your Score History
You have not taken this quiz